|
|
|
|
| LEADER |
00000cam a2200000 a 4500 |
| 001 |
UCE6920 |
| 003 |
CL-VaPUC |
| 008 |
150514e19800000gw |||||||||||||||||ger|d |
| 020 |
|
|
|a 3451191741
|
| 082 |
0 |
4 |
|a 231.042
|b SEC
|2 21
|
| 100 |
0 |
|
|a Seckler, Max
|e author
|9 579622
|
| 245 |
1 |
0 |
|a Im spannungsfeld von wissenschaft und kirche: theologie als schöpferische auslegung der wirklichkeit
|
| 250 |
|
|
|a 1a. ed
|
| 300 |
|
|
|a 222 p
|
| 942 |
|
|
|c BK
|
| 945 |
|
|
|d 20150514 13:01:00
|a arojas
|
| 260 |
|
|
|a Friburgo de Brisgovia
|b Herder
|c 1980
|
| 650 |
|
0 |
|a Filosofía de las ciencias
|9 256466
|
| 650 |
|
0 |
|a Filosofía de la religión
|9 256017
|
| 650 |
|
0 |
|a Religión y ciencia
|9 314470
|
| 583 |
|
|
|a last modification
|c 20150514 13:01:00
|k Rodrigo Vera
|
| 999 |
|
|
|c 359091
|d 359089
|
| 952 |
|
|
|0 0
|1 0
|3 erb
|4 0
|6 231_042000000000000_SEC_1980
|7 0
|8 A
|9 468117
|a BIBTEO
|b BIBTEO
|e Casale Rolle, Carlos Ignacio, -2014
|i 5173620
|o 231.042 SEC 1980
|p 5173620
|r 2025-01-17
|w 2019-11-23
|y BK
|z Catalogado en:20150514
|k ICR
|